[Event "3rd UKR Games Men"]
[Site "Evpatoria UKR"]
[Date "2007.05.25"]
[Round "7"]
[White "Sushchev,A"]
[Black "Budnikov,O"]
[Result "0-1"]
[WhiteElo "2300"]
[BlackElo "2408"]

1.Nf3 Nf6 2.c4 e6 3.Nc3 d5 4.d4 c6 5.e3 Nbd7 6.Qc2 Bb4 7.Bd3 O-O 8.O-O Qe7
9.a3 Ba5 10.Bd2 dxc4 11.Bxc4 e5 12.Ne4 Bxd2 13.Nxf6+ Qxf6 14.Qxd2 e4 15.Ne1 Nb6
16.Ba2 Be6 17.Bxe6 Qxe6 18.Rc1 f5 19.Rc5 Rf7 20.f4 Nd5 21.b4 b6 22.Rc1 a5
23.bxa5 Rxa5 24.Nc2 Qd6 25.Rfe1 Rc7 26.Rb1 Ra4 27.Rb3 b5 28.Rd1 Rca7 29.h3 Nb6
30.g4 fxg4 31.hxg4 Qe6 32.Rc3 Qxg4+ 33.Kh1 Nc4 34.Qe1 R7a6 35.Rxc4 c5 36.Rd2 Rh6+
37.Rh2 Qf3+  0-1

[Event "42nd Capablanca Mem Abierto"]
[Site "Havana CUB"]
[Date "2007.05.25"]
[Round "7"]
[White "Hernandez Carmenates,Hold"]
[Black "Baron Rodriguez,Je"]
[Result "1-0"]
[WhiteElo "2541"]
[BlackElo "2431"]

1.d4 d5 2.c4 e6 3.Nc3 c6 4.e3 Nf6 5.Nf3 Nbd7 6.Bd3 dxc4 7.Bxc4 b5 8.Bd3 a6
9.e4 c5 10.d5 c4 11.dxe6 fxe6 12.Bc2 Qc7 13.Nd4 Nc5 14.O-O Bb7 15.Qe2 O-O-O
16.Be3 e5 17.Nf3 Ne6 18.Rfd1 Bc5 19.Nd5 Nxd5 20.exd5 Nd4 21.Nxd4 exd4 22.Bxd4 Bxd4
23.Rxd4 Rhe8 24.Qd2 g6 25.Be4 Qc5 26.Bf3 Kb8 27.Rc1 Qd6 28.a4 Rc8 29.h3 Rc5
30.axb5 axb5 31.Re1 Rcc8 32.Ra1 Rc5 33.Qa5 h5 34.b4 cxb3 35.Qb4 Rec8 36.Qxb3 Rc1+
37.Rd1 Rxd1+ 38.Rxd1 b4 39.Rb1 Rc3 40.Qa4 b3 41.Qd4 Rxf3 42.gxf3 Qxd5 43.Qe3  1-0

[Event "World's Youth Stars"]
[Site "Kirishi RUS"]
[Date "2007.05.25"]
[Round "9"]
[White "Lintchevski,D"]
[Black "Andriasian,Z"]
[Result "1/2-1/2"]
[WhiteElo "2445"]
[BlackElo "2523"]

1.d4 d5 2.c4 c6 3.Nc3 Nf6 4.e3 e6 5.Nf3 Nbd7 6.Bd3 dxc4 7.Bxc4 b5 8.Bd3 Bd6
9.O-O O-O 10.a4 b4 11.Ne4 Nxe4 12.Bxe4 Bb7 13.Qe2 Qe7 14.a5 Rac8 15.Bd2 f5
16.Bd3 Nf6 17.h3 c5 18.Rfc1 Ne4 19.Be1 Ng5 20.Nxg5 Qxg5 21.f4 Qe7 22.dxc5 Bxc5
23.Bf2 Rfd8 24.Ba6 h6 25.Bxb7 Qxb7 26.b3 Qd5 27.Rc4 Be7 28.Rac1 Rxc4 29.Qxc4 Qxc4
30.Rxc4 Rd3 31.e4 fxe4 32.Bxa7 Rxb3 33.Bc5 Rb1+ 34.Kf2 Bxc5+ 35.Rxc5 b3 36.a6 e3+
37.Ke2 Ra1 38.Rb5 Rxa6 39.Rxb3 Ra2+ 40.Kf3  1/2-1/2

[Event "50th TCh-SRB Cup"]
[Site "Mataruska Banja SRB"]
[Date "2007.05.25"]
[Round "5"]
[White "Maksimenko,A"]
[Black "Ivanisevic,I"]
[Result "1/2-1/2"]
[WhiteElo "2514"]
[BlackElo "2614"]

1.d4 Nf6 2.c4 e6 3.Nf3 d5 4.Nc3 c6 5.e3 Nbd7 6.Qc2 Bd6 7.b3 O-O 8.Be2 b6
9.O-O Bb7 10.Bb2 Qe7 11.Rad1  1/2-1/2

[Event "16th Chicago Open"]
[Site "Oak Brook USA"]
[Date "2007.05.25"]
[Round "1"]
[White "Almeida Saenz,A"]
[Black "Grijalva,R"]
[Result "1-0"]
[WhiteElo "2429"]
[BlackElo "2046"]

1.d4 d5 2.Nf3 Nf6 3.c4 c6 4.Nc3 e6 5.e3 Nbd7 6.Qc2 Bd6 7.g4 Nxg4 8.Rg1 f5
9.h3 Ngf6 10.Rxg7 Ne4 11.Bd2 Qf6 12.Rg2 Qh6 13.O-O-O Ndf6 14.Ne5 Nxd2 15.Qxd2 Bxe5
16.dxe5 Ne4 17.Qd4 Nxc3 18.bxc3 Bd7 19.Be2 Qxh3 20.Rdg1 O-O-O 21.Qxa7 dxc4
22.Rg7 Qh4 23.f4 Qf2 24.R7g2 Qh4 25.Bxc4 Qe7 26.Rb2 b5 27.Bxb5  1-0

[Event "XXII Felix Cup"]
[Site "Felix Spa ROM"]
[Date "2007.05.26"]
[Round "2"]
[White "Fugulyan,G"]
[Black "Fracassi,M"]
[Result "1-0"]
[WhiteElo "2048"]
[BlackElo "1653"]

1.d4 d5 2.c4 e6 3.Nf3 c6 4.e3 Nf6 5.Nc3 Nbd7 6.Bd3 dxc4 7.Bxc4 b5 8.Bd3 a6
9.O-O Bb7 10.e4 c5 11.d5 exd5 12.exd5 Nxd5 13.Nxd5 Bxd5 14.Bxb5 Bxf3 15.Bxd7+ Qxd7
16.Qxf3 Ra7 17.Bg5 f6 18.Rad1 Qf7 19.Qc6+  1-0

[Event "Enci Limburg Open"]
[Site "Maastricht NED"]
[Date "2007.05.26"]
[Round "3"]
[White "Dambacher,M"]
[Black "L'Ami,E"]
[Result "1-0"]
[WhiteElo "2466"]
[BlackElo "2617"]

1.d4 d5 2.c4 c6 3.Nc3 Nf6 4.e3 e6 5.Nf3 Nbd7 6.Bd3 dxc4 7.Bxc4 b5 8.Bd3 Bb7
9.O-O a6 10.e4 c5 11.e5 Nd5 12.a4 c4 13.Bc2 Be7 14.Nd2 Nxc3 15.bxc3 Nb6 16.Qg4 g6
17.Ne4 h5 18.Qh3 Kf8 19.Ba3 Kg7 20.Bxe7 Qxe7 21.Nd6 Bc6 22.f4 Raf8 23.axb5 axb5
24.Ra6 Qc7 25.f5 exf5 26.Nxf5+ Kg8 27.Qg3  1-0

[Event "50th TCh-SRB Cup"]
[Site "Mataruska Banja SRB"]
[Date "2007.05.26"]
[Round "6"]
[White "Markus,Rob"]
[Black "Bogosavljevic,B"]
[Result "1-0"]
[WhiteElo "2567"]
[BlackElo "2470"]

1.d4 d5 2.c4 c6 3.Nc3 Nf6 4.e3 e6 5.Nf3 Nbd7 6.Bd3 dxc4 7.Bxc4 b5 8.Be2 Bb7
9.O-O a6 10.e4 b4 11.e5 bxc3 12.exf6 cxb2 13.fxg7 Bxg7 14.Bxb2 c5 15.Rc1 O-O
16.Bc3 Rc8 17.dxc5 Bxc3 18.Rxc3 Rxc5 19.Rxc5 Nxc5 20.Qc1 Ne4 21.Qe3 Qf6 22.Rc1 Bd5
23.Bxa6 Qb2 24.Bd3 f5 25.Bxe4 fxe4 26.Nd4 Kh8 27.h3 Qxa2 28.Rc7 Qa5 29.Qh6  1-0

[Event "16th Chicago Open"]
[Site "Oak Brook USA"]
[Date "2007.05.26"]
[Round "2"]
[White "Maltese,A"]
[Black "Almeida Saenz,A"]
[Result "0-1"]
[WhiteElo "2205"]
[BlackElo "2429"]

1.Nf3 d5 2.c4 c6 3.d4 Nf6 4.Nc3 e6 5.e3 Nbd7 6.Qc2 Bd6 7.Bd3 dxc4 8.Bxc4 b5
9.Be2 b4 10.Na4 Bb7 11.e4 Qa5 12.b3 Be7 13.O-O c5 14.e5 Nd5 15.dxc5 Rc8 16.a3 Nxc5
17.Nxc5 Rxc5 18.Bc4 O-O 19.axb4 Qxa1 20.bxc5 Nb4 21.Qe2 Bxc5 22.Bb2 Bxf3
23.gxf3 Qa5 24.f4 Qd8 25.Rd1 Qh4 26.Qf3 Bxf2+ 27.Kh1 g6 28.Bc3 a5 29.Rd7 Bc5
30.Rc7 Bf2 31.f5 gxf5 32.Qg2+ Kh8 33.Bxe6 Rg8 34.Rc8 Rxc8 35.Bxc8 Bd4 36.Bxd4 Qxd4
37.Bxf5 Qd1+ 38.Qg1 Qf3+ 39.Qg2 Qxf5  0-1

[Event "Capo d'Orso"]
[Site "Porto Mannu PAL"]
[Date "2007.05.26"]
[Round "9"]
[White "Biedekoepper,R"]
[Black "Jones,Al"]
[Result "1-0"]
[WhiteElo "2152"]
[BlackElo "1962"]

1.c4 c6 2.d4 d5 3.Nc3 Nf6 4.Nf3 e6 5.e3 Nbd7 6.Qc2 Bd6 7.g4 dxc4 8.g5 Nd5
9.Bxc4 N7b6 10.Be2 Qe7 11.Ne4 Bd7 12.Bd2 Rc8 13.Nc5 Bxc5 14.dxc5 Na8 15.e4 Ndc7
16.Bf4 O-O 17.Bd6 Qe8 18.O-O-O e5 19.Nxe5 Be6 20.Bxf8 Kxf8 21.f4 b6 22.Kb1 Nb5
23.Bxb5 cxb5 24.c6 Nc7 25.Nd7+ Kg8 26.f5  1-0

[Event "Capo d'Orso"]
[Site "Porto Mannu PAL"]
[Date "2007.05.26"]
[Round "9"]
[White "Schuurman,P"]
[Black "Locci,D"]
[Result "1-0"]
[WhiteElo "2295"]
[BlackElo "2008"]

1.d4 d5 2.c4 c6 3.Nc3 Nf6 4.Nf3 e6 5.e3 Nbd7 6.Bd3 a6 7.O-O dxc4 8.Bxc4 c5
9.Qe2 b5 10.Bb3 Bb7 11.e4 cxd4 12.Nxd4 b4 13.e5 bxc3 14.exf6 Qxf6 15.bxc3 Qg6
16.f4 Qe4 17.Qf2 Nc5 18.Bc2 Qd5 19.Re1 Be7 20.Re5 Qc4 21.Re3 O-O 22.Ba3 Bf6
23.Nb3 Na4 24.Nd2 Qb5 25.Rb1 Qd7 26.Bxa4 Qxa4 27.Bxf8 Bc6 28.Bc5 Qxa2 29.Bd4 Bb5
30.Rg3 Rd8 31.Re1 Bxd4 32.cxd4 a5 33.Rg5 Bd3 34.Qe3 Bg6 35.f5 h6 36.Rxg6 fxg6
37.fxe6  1-0

[Event "1st WCh-Team Women"]
[Site "Ekaterinburg RUS"]
[Date "2007.05.27"]
[Round "7"]
[White "Danielian,E"]
[Black "Kosintseva,T"]
[Result "1/2-1/2"]
[WhiteElo "2424"]
[BlackElo "2459"]

1.d4 Nf6 2.Nf3 d5 3.c4 e6 4.Nc3 c6 5.e3 Nbd7 6.Qc2 b6 7.cxd5 exd5 8.Bd3 Be7
9.O-O Bb7 10.e4 dxe4 11.Nxe4 O-O 12.Ne5 c5 13.Ng5 g6 14.Bc4 Nd5 15.Ngxf7 Rxf7
16.Nxf7 Kxf7 17.Qb3 Nf6 18.dxc5 Kg7 19.Rd1 Bxc5 20.Bg5 Qf8 21.Qh3 Kh8 22.Qf3 Qg7
23.Bxd5 Nxd5 24.Rxd5 Rf8 25.Qxf8+ Bxf8 26.Rd8 h6 27.Be3 Kh7 28.Rad1 Bc6 29.Rc8 Bb7
30.Rcd8 Bc6 31.Rc8  1/2-1/2

[Event "Enci Limburg Open"]
[Site "Maastricht NED"]
[Date "2007.05.27"]
[Round "5"]
[White "Moors,H"]
[Black "Geuss,P"]
[Result "1/2-1/2"]
[WhiteElo "2280"]
[BlackElo "2138"]

1.d4 d5 2.c4 e6 3.Nc3 c6 4.e3 Nf6 5.Nf3 Nbd7 6.Bd3 dxc4 7.Bxc4 b5 8.Bd3 Bb7
9.O-O a6 10.Qe2 c5 11.Rd1 Be7 12.dxc5 Qc7 13.Bc2 Bxc5 14.a3 O-O 15.h3 Ne5
16.e4 Nxf3+ 17.Qxf3 Bd6 18.Bg5 Bh2+ 19.Kh1 Be5 20.Rac1 h6 21.Bd2 Rad8 22.Bb1 Qb8
23.g3 Qa8 24.Kh2 Rd7 25.Qe2 Rfd8 26.f3 h5 27.Bg5 Qb8 28.Bh4 Qa7 29.Rxd7 Rxd7
30.Rd1 Rxd1 31.Nxd1 Qd4 32.Qd3 Qxd3 33.Bxd3 Nd7 34.Be7 f6 35.Kg2 Bd4 36.Kf1 Kf7
37.Bb4 Ne5 38.Ke2 Nxd3 39.Kxd3 Bb6 40.Bc3 Bc7 41.Be1 g5  1/2-1/2

[Event "16th Chicago Open"]
[Site "Oak Brook USA"]
[Date "2007.05.27"]
[Round "5"]
[White "Ramirez,Alej"]
[Black "Sarkar,J"]
[Result "0-1"]
[WhiteElo "2507"]
[BlackElo "2418"]

1.d4 d5 2.c4 c6 3.Nf3 Nf6 4.Nc3 e6 5.e3 Nbd7 6.Qc2 Bd6 7.g4 Bb4 8.Bd3 Qe7
9.g5 Nh5 10.Bd2 dxc4 11.Bxc4 O-O 12.O-O-O b6 13.Be2 Bb7 14.Ne5 Nxe5 15.dxe5 Bxc3
16.Bxc3 g6 17.Bxh5 gxh5 18.Rd6 c5 19.Rg1 Bf3 20.Rg3 Qb7 21.Qd3 Be4 22.Qd1 Bg6
23.f3 b5 24.e4 b4 25.Be1 c4 26.Rg2 a5 27.Rc2 b3 28.Rc3 bxa2 29.Ra3 Qb3 30.Bc3 Rfb8
31.Kd2 Qxd1+ 32.Kxd1 h4 33.Rxa2 a4 34.Rc6 h6 35.gxh6 a3 36.Rxa3 Rxa3 37.bxa3 Rb1+
38.Ke2 Rh1 39.Kf2 Rxh2+ 40.Kg1 Rc2 41.Bb4 h3 42.Rd6 c3 43.Rd3 Rg2+ 44.Kh1 c2
45.Rc3 Bh5 46.a4 Bxf3 47.Ba3 Bxe4 48.h7+ Kh8  0-1

[Event "Okie A"]
[Site "Tulsa USA"]
[Date "2007.05.27"]
[Round "3"]
[White "Gossell,T"]
[Black "Simms,G"]
[Result "1-0"]
[WhiteElo "2238"]
[BlackElo "2184"]

1.Nf3 d5 2.d4 Nf6 3.c4 e6 4.Nc3 c6 5.e3 Nbd7 6.Bd3 dxc4 7.Bxc4 b5 8.Bd3 Bb7
9.O-O a6 10.e4 b4 11.e5 bxc3 12.exf6 Nxf6 13.bxc3 Be7 14.Rb1 Rb8 15.Bf4 Bd6
16.Bxd6 Qxd6 17.Qa4 O-O 18.Bxa6 Ba8 19.Qa5 Ne4 20.Bd3 c5 21.Rxb8 Rxb8 22.Bxe4 Bxe4
23.Qxc5 Qa6 24.Qe5 Qb7 25.Nd2 Bd3 26.Re1 Qb2 27.Qg3 Ba6 28.h3 Rc8 29.Ne4 Kh8
30.d5 Qxa2 31.Nd6 Rf8 32.Nxf7+ Kg8 33.dxe6 Re8 34.Nh6+ Kh8 35.Nf5  1-0

[Event "42nd Capablanca Mem Abierto"]
[Site "Havana CUB"]
[Date "2007.05.28"]
[Round "10"]
[White "Santos,Marcu"]
[Black "Ruiz,Orle"]
[Result "1-0"]
[WhiteElo "2401"]
[BlackElo "2321"]

1.d4 d5 2.c4 c6 3.Nc3 Nf6 4.e3 e6 5.Nf3 Nbd7 6.Bd3 dxc4 7.Bxc4 b5 8.Bd3 a6
9.e4 c5 10.e5 cxd4 11.Nxb5 axb5 12.exf6 gxf6 13.O-O Qb6 14.Qe2 b4 15.Bf4 Bc5
16.Rfd1 Bb7 17.Be4 Ba6 18.Qd2 Rd8 19.Re1 h5 20.Bg3 Nf8 21.Qf4 Be7 22.Rac1 Bb7
23.Qc7 Qxc7 24.Bxc7 Bxe4 25.Bxd8 Bxf3 26.Bxe7 Rg8 27.Bxf6 Rxg2+ 28.Kf1 Kd7
29.Red1 Rxh2 30.Rxd4+ Bd5 31.Rc5 Kd6 32.Rcxd5+ exd5 33.Kg1 Nh7 34.Bd8 Kc5
35.Rd3  1-0

[Event "16th Chicago Open"]
[Site "Oak Brook USA"]
[Date "2007.05.28"]
[Round "7"]
[White "Almeida Saenz,A"]
[Black "Sarkar,J"]
[Result "1/2-1/2"]
[WhiteElo "2429"]
[BlackElo "2418"]

1.d4 d5 2.c4 c6 3.Nf3 Nf6 4.Nc3 e6 5.e3 Nbd7 6.Qc2 Bd6 7.g4 h6 8.Rg1 dxc4
9.Bxc4 b5 10.Be2 Bb7 11.h4 Nd5 12.Bd2 Qb6 13.Ne4 Be7 14.Rc1 Nb4 15.Bxb4 Bxb4+
16.Kf1 Be7 17.Nc5 Nxc5 18.dxc5 Qa5 19.a3 O-O-O 20.Qe4 Qa4 21.Qxa4 bxa4 22.g5 hxg5
23.hxg5 Rd5 24.g6 f6 25.Bc4 Rxc5 26.Bxe6+ Kc7 27.Rxc5 Bxc5 28.Kg2 Bd6 29.Bf5 c5
30.e4 Bc6 31.Rc1 Rh6 32.Rc3 Rh5 33.Kg1 Kb6 34.Nd2 Bh2+ 35.Kf1 Bb5+ 36.Nc4+ Bxc4+
37.Rxc4 Be5 38.Rxa4 Bxb2 39.Ke2 Bd4 40.f3 Rh1 41.Rc4 Kb5 42.Rc2 c4 43.Bd7+ Kc5
44.Be6 Rh2+ 45.Kd1 Rh1+ 46.Ke2 Rh2+ 47.Kd1  1/2-1/2

[Event "8th United Insurance"]
[Site "Dhaka BAN"]
[Date "2007.05.30"]
[Round "5"]
[White "Abdul,Mal"]
[Black "Hasan,Me"]
[Result "0-1"]
[WhiteElo "2255"]
[BlackElo "2269"]

1.Nf3 d5 2.c4 c6 3.e3 Nf6 4.Nc3 e6 5.d4 Nbd7 6.Bd3 dxc4 7.Bxc4 b5 8.Bd3 Bb7
9.e4 b4 10.Na4 c5 11.e5 Nd5 12.dxc5 Qc7 13.O-O Be7 14.Qc2 Rc8 15.Re1 Nxc5
16.Nxc5 Qxc5 17.Qe2 O-O 18.Qe4 g6 19.h4 Qc7 20.Bh6 Rfd8 21.Rac1 Nc3 22.Qf4 Rxd3
23.bxc3 Bxf3 24.gxf3 bxc3 25.h5 c2 26.Kg2 Qc4 27.Re4 Qc3 28.hxg6 hxg6 29.Bg5 Rxf3
30.Rxc2 Qxc2 31.Kxf3 Rc3+ 32.Re3 Rxe3+ 33.fxe3 Bxg5 34.Qxg5 Qf5+ 35.Qxf5 exf5
36.Kf4  0-1

[Event "TCh-FRA Top 16"]
[Site "Clichy FRA"]
[Date "2007.05.31"]
[Round "8"]
[White "Flear,C"]
[Black "Delorme,L"]
[Result "1/2-1/2"]
[WhiteElo "2168"]
[BlackElo "2026"]

1.d4 d5 2.c4 c6 3.Nc3 Nf6 4.e3 e6 5.Nf3 Nbd7 6.a3 Bd6 7.b4 O-O 8.Qc2 Re8
9.Bb2 a6 10.Be2 b5 11.c5 Bc7 12.a4 Rb8 13.axb5 axb5 14.O-O e5 15.dxe5 Nxe5
16.Nxe5 Bxe5 17.h3 Qe7 18.Bf3 Rd8 19.Ne2 Bxb2 20.Qxb2 Nd7 21.Nd4 Ne5 22.Be2 Bd7
23.Ra7 Qf6 24.Rfa1 Qg6 25.Qc2 Qg5 26.Kh2 Qh4 27.Bf1 Ng4+ 28.Kg1 Nf6 29.R1a6 Rbc8
30.Rb6 Ne4 31.Rbb7 Nf6 32.Nf5 Bxf5 33.Qxf5 g6 34.Qf3 Rf8 35.g3 Qg5 36.Qf4 Qxf4
37.gxf4 d4 38.f5 Kg7 39.fxg6 hxg6 40.exd4 Nd5 41.Bg2 Nxb4 42.d5 Nxd5 43.Bxd5 cxd5
44.Rxb5 Rc6 45.Rd7 Rh8 46.Rxd5 Rxh3 47.Rb6 Rc7 48.Kg2 Rc3 49.Rb5 f6 50.Ra5 Kf7
51.Rb5 Rc6 52.Rd7+ Ke6 53.Rg7 Kf5 54.Rb6 R3xc5 55.Rxc6 Rxc6 56.Rg8 g5 57.Ra8 Rc4
58.Ra6 Re4 59.Rb6 Re6 60.Rb4 Kg6 61.Rb5 f5 62.Ra5 Rc6 63.Rb5 g4 64.Ra5 Re6
65.Kg3 Rd6 66.Rb5 Rd3+ 67.Kg2 f4 68.Rb4 Kf5 69.Rb5+ Ke4 70.Rb8 Rd2 71.Rb4+ Rd4
72.Rb8 Kd3 73.Rg8 Ke2 74.Re8+ Kd3 75.Rg8 f3+ 76.Kg3 Ke2 77.Rf8 Rd1 78.Re8+ Kf1
79.Ra8 Rd2 80.Ra1+ Ke2 81.Ra3 Kd1  1/2-1/2

[Event "TCh-FRA Top 16"]
[Site "Clichy FRA"]
[Date "2007.06.01"]
[Round "9"]
[White "Saatdjian,T"]
[Black "Luce,S"]
[Result "1/2-1/2"]
[WhiteElo "2229"]
[BlackElo "2353"]

1.Nf3 Nf6 2.c4 c6 3.d4 d5 4.e3 e6 5.Nc3 Nbd7 6.Qc2 b6 7.Bd3 Bb7 8.cxd5 cxd5
9.O-O Bd6 10.Nb5 Bb8 11.b3 a6 12.Nc3 Bd6 13.Bb2 O-O 14.Rac1 Qe7 15.Qe2 b5
16.h3 Rac8 17.Rc2 Qd8  1/2-1/2

[Event "35th World Open"]
[Site "King of Prussia USA"]
[Date "2007.06.01"]
[Round "3"]
[White "Coleman,T"]
[Black "Ippolito,D"]
[Result "1/2-1/2"]
[WhiteElo "2266"]
[BlackElo "2396"]

1.d4 d5 2.c4 c6 3.Nc3 Nf6 4.e3 e6 5.Nf3 Nbd7 6.Qc2 Bd6 7.Bd3 O-O 8.O-O e5
9.cxd5 cxd5 10.dxe5 Nxe5 11.Nxe5 Bxe5 12.Ne2 Qb6 13.h3 Re8 14.Rd1 Ne4 15.Nc3 Nxc3
16.bxc3 g6 17.Rb1 Qc7 18.c4 dxc4 19.Qxc4 Be6 20.Qxc7 Bxc7 21.Rxb7 Bb6 22.Be4 Rad8
23.Rxd8 Rxd8 24.Bb2 Bc8 25.Rxb6 axb6 26.Bd4 Rd6 27.h4 Bd7 28.a3 Bc6 29.Bd3 Bd5
30.Kh2 Kf8 31.Kg3 Ke8 32.f3 Kd7 33.Bb5+ Kc8 34.Kf4 f6 35.g4 Kb7 36.g5 fxg5+
37.hxg5 Rd8 38.Bf6 Ra8 39.Be7 Ra5 40.Bd3 Kc6 41.e4 Bb3 42.Bb4 Ra7 43.Ke3 Be6
44.f4 Rf7 45.Be2 Rd7 46.Bd3 Rf7  1/2-1/2

[Event "35th World Open"]
[Site "King of Prussia USA"]
[Date "2007.06.01"]
[Round "4"]
[White "Banawa,Joe"]
[Black "Erenburg,S"]
[Result "0-1"]
[WhiteElo "2310"]
[BlackElo "2574"]

1.d4 d5 2.c4 e6 3.Nc3 c6 4.e3 Nf6 5.Nf3 Nbd7 6.Qc2 Bd6 7.Bd3 O-O 8.O-O dxc4
9.Bxc4 b5 10.Be2 Bb7 11.a3 a6 12.e4 e5 13.Bg5 Re8 14.Rad1 h6 15.dxe5 Nxe5
16.Bf4 Qb8 17.Kh1 Nh5 18.Bxe5 Bxe5 19.Nxe5 Qxe5 20.Bxh5 Qxh5 21.Rd7 Bc8 22.Rd2 Be6
23.Ne2 Rad8 24.Rxd8 Rxd8 25.Nf4 Qe5 26.Nxe6 Qxe6 27.Rc1 Rd4 28.f3 Rc4 29.Qb1 c5
30.Kg1 b4 31.Rxc4 Qxc4 32.axb4 cxb4 33.b3 Qd4+ 34.Kf1 Qd2 35.e5 a5 36.h4 h5  0-1

[Event "35th World Open"]
[Site "King of Prussia USA"]
[Date "2007.06.01"]
[Round "4"]
[White "Bercys,S"]
[Black "Mucerino,J"]
[Result "1-0"]
[WhiteElo "2438"]
[BlackElo "2077"]

1.d4 Nf6 2.Nf3 d5 3.c4 e6 4.Nc3 c6 5.e3 Nbd7 6.Qc2 Bd6 7.g4 Nxg4 8.Rg1 h5
9.h3 Nh6 10.Be2 g6 11.e4 dxc4 12.Be3 Qa5 13.O-O-O Be7 14.d5 cxd5 15.exd5 Nb6
16.d6 Bf8 17.Bd4 Rg8 18.Ne4 Nd7 19.Bc3 Qxa2 20.Ne5 Bg7 21.Bxc4 Qa1+ 22.Kd2 Qxd1+
23.Rxd1 Nxe5 24.Bb5+ Kf8 25.d7 Nxd7 26.Bb4+ Ke8 27.Nd6+ Kd8 28.Ke2  1-0

[Event "zt 2.3 w"]
[Site "Santo Domingo DOM"]
[Date "2007.06.01"]
[Round "5"]
[White "Han,Ir"]
[Black "Mateus,Mar"]
[Result "1-0"]
[WhiteElo "2072"]
[BlackElo "2130"]

1.d4 d5 2.c4 c6 3.Nc3 Nf6 4.Nf3 e6 5.e3 Nbd7 6.Qc2 a6 7.a4 Bb4 8.Bd3 dxc4
9.Bxc4 Qa5 10.O-O O-O 11.Bd2 e5 12.Ng5 exd4 13.exd4 Nb6 14.Bd3 h6 15.Nf3 Be6
16.Ne2 Bxd2 17.Nxd2 Nbd5 18.Nf3 Rfd8 19.Ne5 Rac8 20.Qc5 Qxc5 21.dxc5 Nb4
22.Bc4 Rd2 23.Nf4 Bxc4 24.Nxc4 Rd4 25.Nd6 Rd8 26.g3 g5 27.Ng2 Rd2 28.Rad1 Rxb2
29.Ne3 Nbd5 30.Nec4 Rb4 31.Ne5 Ne4 32.Nexf7 Rf8 33.Nxh6+ Kg7 34.Nhf5+ Kg6
35.Nxe4 Rxe4 36.Nd6 Rxa4 37.Nxb7 Ra2 38.Rde1 Rf6 39.Ra1 Rb2 40.Nd6 Rc2 41.Rxa6 Nb4
42.Ra8 Nd3 43.Rg8+ Kh7 44.Ne4 Kxg8 45.Nxf6+ Kf7 46.Ne4 Kg6 47.Rd1 Nxc5 48.Nxc5 Rxc5
49.Rd4 Kf5 50.Kg2 g4 51.Rf4+ Kg5 52.h3 gxh3+ 53.Kxh3 Rc1 54.Rf8 Rh1+ 55.Kg2 Rc1
56.Kf3 Rc3+ 57.Ke4 Rc5 58.Kd4 Rd5+ 59.Ke4 Rc5 60.Rf4 Kg6 61.g4 Kg7 62.Rf5 Rc1
63.Ke5 Rc5+ 64.Ke6 Rc4 65.g5  1-0

[Event "XV Lasker Mem Open A"]
[Site "Barlinek POL"]
[Date "2007.06.02"]
[Round "1"]
[White "Klim,K"]
[Black "Bulski,K"]
[Result "0-1"]
[WhiteElo "2108"]
[BlackElo "2396"]

1.d4 d5 2.c4 c6 3.Nf3 Nf6 4.Nc3 e6 5.e3 Nbd7 6.Bd3 dxc4 7.Bxc4 b5 8.Be2 a6
9.e4 b4 10.e5 bxc3 11.exf6 cxb2 12.fxg7 bxa1=Q 13.gxh8=Q Qa5+ 14.Bd2 Qxd1+
15.Bxd1 Qf5 16.O-O Bb7 17.d5 Qxd5 18.Qxh7 c5 19.Ba5 Bc6 20.Nh4 Qe4 21.Qxe4 Bxe4
22.Re1 Bd3 23.Nf3 Bg7 24.Ng5 Bf6 25.Ne4 Bd4 26.Bc7 Nf6 27.Ba4+ Bb5 28.Bc2 Kd7
29.Bb6 Nxe4 30.Bxe4 Bc6 31.Rd1 Bd5 32.Bc2 Rb8 33.Ba4+ Kd6 34.Ba5 Rb2 35.Rd2 Rb1+
36.Rd1 Bxa2 37.h4 Rxd1+ 38.Bxd1 c4  0-1

[Event "FSGM June"]
[Site "Budapest HUN"]
[Date "2007.06.02"]
[Round "1"]
[White "Bluvshtein,M"]
[Black "Haznedaroglu,K"]
[Result "1-0"]
[WhiteElo "2520"]
[BlackElo "2440"]

1.d4 d5 2.c4 c6 3.Nf3 Nf6 4.Nc3 e6 5.e3 Nbd7 6.Qc2 Bd6 7.b3 O-O 8.Be2 Re8
9.O-O e5 10.cxd5 cxd5 11.Nb5 Bb8 12.dxe5 Nxe5 13.Bb2 Nxf3+ 14.Bxf3 Ng4 15.g3 Ne5
16.Bg2 Bg4 17.f4 Qd7 18.Nc3 d4 19.exd4 Nc6 20.d5 Nd4 21.Qd3 Bc7 22.Ne4 Nb5
23.Kh1 Nd6 24.Qc3 f6 25.Nxf6+ gxf6 26.Qxf6 Re2 27.Qh8+ Kf7 28.Qxh7+ Ke8 29.Qh8+ Kf7
30.Qf6+ Kg8 31.Rae1 Kh7 32.Qh4+  1-0

[Event "FSIMB June"]
[Site "Budapest HUN"]
[Date "2007.06.02"]
[Round "1"]
[White "Galyas,M"]
[Black "Ruszin,A"]
[Result "1/2-1/2"]
[WhiteElo "2444"]
[BlackElo "2125"]

1.d4 d5 2.c4 c6 3.Nc3 Nf6 4.e3 e6 5.Nf3 Nbd7 6.Qc2 Bd6 7.Bd3 e5 8.cxd5 cxd5
9.Nb5 Bb8 10.dxe5 Nxe5 11.Nxe5 Bxe5 12.Bd2 Bd7 13.Bc3 Bxc3+ 14.Qxc3 O-O 15.O-O Rc8
16.Qd4 Bxb5 17.Bxb5 a6 18.Bd3 Qd7 19.h3 h6 20.Rac1 Rxc1 21.Rxc1 Rc8 22.Rd1 Rc7
23.Bb1 Qc8 24.Qd2 Rc6 25.a3 Rc5 26.f3 Qc7 27.e4 dxe4 28.fxe4 Re5 29.Qd8+ Qxd8
30.Rxd8+ Ne8 31.Rd7 Nf6 32.Rxb7 Nxe4 33.Ba2 Rf5 34.Rb8+ Kh7 35.Rb4 Nd2 36.Rd4 Rf1+
37.Kh2 Rd1 38.Rf4 f6 39.g4 Ra1 40.Be6 Re1 41.Bf5+ Kg8 42.Kg2 Kf7 43.Bd3 a5
44.Rd4 Ke7 45.Bb5 Re5 46.a4 Nb3 47.Rd7+ Ke6 48.Rxg7 Nd4 49.Bc4+ Kd6 50.Rg6 Kc5
51.b3 f5 52.Rxh6 fxg4 53.hxg4 Re4 54.Kg3 Nxb3 55.Bxb3 Re3+ 56.Kf4 Rxb3 57.g5 Rb4+
58.Kf5 Rxa4 59.g6 Ra1 60.g7 Rf1+ 61.Kg6 Rg1+ 62.Kf7 Rxg7+ 63.Kxg7 a4 64.Kf6 a3
65.Ke5 Kb4 66.Kd4 a2 67.Rh1 Kb3 68.Ra1 Kb2 69.Kd3 Kxa1 70.Kc2  1/2-1/2

[Event "7th ch-Euro Senior"]
[Site "Hockenheim GER"]
[Date "2007.06.02"]
[Round "1"]
[White "Kuhn,Ar"]
[Black "Jaenig,R"]
[Result "0-1"]
[WhiteElo "1863"]
[BlackElo "2176"]

1.d4 d5 2.Nf3 c6 3.c4 e6 4.Nc3 Nf6 5.e3 Nbd7 6.Bd3 Bd6 7.O-O O-O 8.Re1 dxc4
9.Bxc4 b5 10.Bd3 Bb7 11.e4 e5 12.Bg5 a6 13.Rc1 exd4 14.Nxd4 Ne5 15.Bb1 h6
16.Bh4 Ng6 17.Bg3 Bf4 18.Rc2 Bxg3 19.hxg3 c5 20.Nf5 Qxd1 21.Nxd1 Bxe4 22.Rc1 Bxb1
23.Rxb1 Rfe8 24.Nde3 Rad8 25.Rbd1 c4 26.Kf1 Ne5 27.Rxd8 Rxd8 28.Re2 Nd3 29.g4 Nc1
30.Rc2 Nxa2 31.g3 Nb4 32.Re2 Kf8 33.f3 Nfd5 34.f4 Nxe3+ 35.Nxe3 a5 36.Nf5 a4
37.Kg2 Rd3 38.Kh3 Nd5 39.Kh4 c3 40.Nd6 Re3 41.Rxe3 Nxe3 42.bxc3 a3 43.Nxb5 a2  0-1

[Event "29th Mem Nezhmetdinov"]
[Site "Kazan RUS"]
[Date "2007.06.02"]
[Round "2"]
[White "Galeev,S"]
[Black "Pavlov,Vi2"]
[Result "1-0"]
[WhiteElo "2238"]
[BlackElo "2098"]

1.d4 Nf6 2.c4 e6 3.Nf3 d5 4.e3 c6 5.Nc3 Be7 6.Bd3 O-O 7.O-O Nbd7 8.a3 dxc4
9.Bxc4 b5 10.Ba2 a6 11.Bd2 c5 12.Rc1 Bb7 13.Bb1 Rc8 14.Re1 cxd4 15.Nxd4 Ne5
16.Re2 Nc4 17.Be1 Nxb2 18.Qb3 Na4 19.Rd1 Nxc3 20.Bxc3 Qd5 21.Qxd5 Bxd5 22.Bb2 Ne4
23.Bxe4 Bxe4 24.f3 Bd5 25.Red2 Bc5 26.Kf2 f5 27.g3 Bb6 28.Rc1 Rxc1 29.Bxc1 Rc8
30.Bb2 g6 31.f4 Ba5 32.Rd1 Rc4 33.Rc1 Kf7 34.Rxc4 bxc4 35.Ne2 Ke7 36.Bc3 Bb6
37.Bd4 Bc7 38.Bc5+ Kd7 39.Nc3 Kc6 40.Bb4 a5 41.Be7 e5 42.Ke2 exf4 43.gxf4 Bb6
44.Kd2 Bg2 45.Ke2 Kd7 46.Bf8 Bd8 47.Bc5 Bc6 48.Kd2 Bf6 49.Bb6 a4 50.Bc5 g5
51.Bb4 g4 52.Ne2 h5 53.Ng3 Ke6 54.Nxh5 Bb2 55.Bc3 Bxa3 56.Ng7+ Kf7 57.Nxf5 Bf8
58.Be5 Ke6 59.Nd4+ Kd5 60.e4+ Kxe4 61.Nxc6 a3 62.Kc3 Kd5 63.Nb4+  1-0

[Event "TCh-BIH"]
[Site "Vogosca BIH"]
[Date "2007.06.02"]
[Round "1"]
[White "Jakovljevic,Vlado"]
[Black "Puric,N"]
[Result "1/2-1/2"]
[WhiteElo "2419"]
[BlackElo "2275"]

1.d4 d5 2.Nf3 c6 3.c4 e6 4.Nc3 Nf6 5.e3 Bb4 6.Bd3 O-O 7.O-O b6 8.Bd2 Bxc3
9.Bxc3 Nbd7 10.Qe2 Ba6 11.Rfd1 Re8 12.Rac1 Rc8 13.b3 Ne4 14.Bb2 f5 15.Nd2 Qh4
16.f3 Ng5 17.e4 fxe4 18.fxe4 dxc4 19.Nxc4 Bxc4 20.bxc4 Nf6 21.g3 Qh3 22.Rf1 e5
23.d5 Nf7 24.Rf5 cxd5 25.cxd5 Rxc1+ 26.Bxc1 Nd6 27.Rf1 Qd7 28.Ba3 Rc8 29.Kg2 Rd8
30.Bb2 Qe8 31.Rc1 Rc8 32.Rxc8 Nxc8 33.Qc2 Nd6 34.Qc7 Qd7 35.Qb8+ Kf7 36.Bxe5 Ndxe4
37.d6 Nc5 38.Bc4+ Kg6 39.Bxf6 gxf6 40.Qg8+ Kf5 41.h3 Ke4 42.Qd5+ Ke3 43.Qf3+ Kd4
44.Qf4+ Ne4 45.Bg8 h5 46.Kf3 f5 47.Qe3+ Ke5 48.Qf4+ Kf6 49.Qh6+  1/2-1/2

[Event "XV Lasker Mem Open A"]
[Site "Barlinek POL"]
[Date "2007.06.03"]
[Round "2"]
[White "Bronowicki,M"]
[Black "Koziak,V"]
[Result "0-1"]
[WhiteElo "2313"]
[BlackElo "2461"]

1.d4 d5 2.c4 c6 3.Nc3 Nf6 4.Nf3 e6 5.e3 Nbd7 6.Qc2 Bd6 7.b3 O-O 8.Bb2 e5
9.cxd5 cxd5 10.dxe5 Nxe5 11.Be2 Nxf3+ 12.Bxf3 d4 13.exd4 Re8+ 14.Kf1 Qa5
15.h3 Bf5 16.Qd2 Rac8 17.a3 Qa6+ 18.Kg1 h6 19.Rc1 Bg6 20.b4 Ne4 21.Nxe4 Rxc1+
22.Qxc1 Bxe4 23.Bxe4 Rxe4 24.g3 Re2 25.Kg2 Qd3 26.Rd1 Qxg3+  0-1

[Event "7th ch-Euro Senior"]
[Site "Hockenheim GER"]
[Date "2007.06.03"]
[Round "2"]
[White "Paulsen,E"]
[Black "Pracht,H"]
[Result "1/2-1/2"]
[WhiteElo "1833"]
[BlackElo "2056"]

1.d4 d5 2.Nf3 Nf6 3.e3 c6 4.c4 e6 5.Nc3 Nbd7 6.Bd2 a6 7.c5 g6 8.Bd3 Bg7 9.O-O Qc7
10.e4 dxe4 11.Nxe4 Nxe4 12.Bxe4 O-O 13.Qc1 e5 14.dxe5 Nxe5 15.Bh6 Nxf3+ 16.Bxf3 Be6
17.Bxg7 Kxg7 18.Qc3+ Kg8 19.Rfd1 Rad8 20.b3 Rxd1+ 21.Rxd1 Rd8 22.Rxd8+ Qxd8
23.h3 h5 24.Qb4 Qd7 25.Qf4 Kg7 26.g4 hxg4 27.Bxg4 Bxg4 28.hxg4 Qd1+ 29.Kh2 Qe2
30.Qd4+ Kg8 31.Qd8+ Kg7 32.Qd4+  1/2-1/2